000 00346nam a2200133Ia 4500
005 20260326100044.0
008 260326s9999||||xx |||||||||||||| ||und||
100 _aBinney, Marcus
245 0 _aJamaica's Heritage an untapped resource /
_cMarcus Binney
260 _bMill Press
300 _a100 p.
650 _aARQUITECTURA REGIONAL
942 _cBK
999 _c7109
_d7109